Statistiques concernant Top 10 des Prénoms de garçons en France en 2000

Cliquez ici pour prendre le quiz!

Statistiques générales

  • Ce quiz a été pris 144 fois
  • Le résultat moyen est 4 sur 10

Statistiques - réponses

Prénoms% Correct
1Thomas
59%
2Lucas
57%
4Hugo
47%
3Théo
45%
8Alexandre
35%
9Antoine
34%
5Maxime
34%
10Clément
31%
7Quentin
26%
6Nicolas
20%

Distribution des résultats

Percentile par nombre de réponses

% des personnes avec chaque résultat

Votre développement - résultats

Vous n’avez pas pris ce quiz